CIAN Revista de historia de las universidades

Detalles Bibliográficos
Formato: eBook
Lenguaje:español
Publicado: Madrid: Dykinson, 2017 -
Materias:
Acceso en línea:Acceso restringido

MARC

LEADER 00000nam a22000007a 4500
005 20200402135056.0
007 cr|||| ||||
008 200402c20179999es fr|w s|||| 0|||b1spa d
022 |a 1139-6628 
035 |a 31369 
040 |a vLex 
090 |c 10273  |d 10273 
245 0 0 |a CIAN  |h [Recurso electrn̤ico] :  |b Revista de historia de las universidades 
256 |a Servicio en ln̕ea 
260 |a Madrid:  |b Dykinson,  |c 2017 - 
300 |a 1 recurso electrn̤ico 
310 |a Semestral 
506 1 |a Disponible solo en los productos indicados  |d vLex Global  |d vLex Global (Academic Edition, excluding Law Schools)  |d vLex Global (U.S. Academic Edition, Law Schools)  |d vLex Global (U.S. Academic Edition, excluding Law Schools)  |d vLex Global (Academic Edition, Law Schools) 
650 0 4 |a Derecho Militar  |z Espaą 
740 0 |a vLex Revistas (Servicio en ln̕ea) 
856 4 0 |u http://vlex.com/source/cian-revista-historia-universidades-31369  |z Acceso restringido 
942 |c REV 
999 0 |a Military Law